000 00633nam a2200229 i 4500
001 C2-0075408
003 PPAK
005 20180727081552.0
008 970429s1984 enka|||| ||||| | eng d
020 _a0600388719
040 _aPPAK
_beng
_cPPAK
_erda
082 0 4 _a560.17
_223
090 0 0 _a560.17
_bHUB
_dR
100 1 _aHublin, Jean-Jacques,
_eauthor
245 1 4 _aThe Hamlyn encyclopedia of prehistoric animals
264 1 _aLondon :
_bHamlyn ,
_c1984
300 _a318 pages :
_billustrations ;
_c27 cm
336 _2rdacontent
_atext
337 _2rdamedia
_aunmediated
338 _2rdacarrier
_avolume
942 _ddc
_cB
999 _c11221
_d11221